Atlético Mineiro Squad 2025 - Statistics

General Stats
  • This quiz has been taken 71 times
    53 since last reset
  • The average score is 19 of 31
Answer Stats
# Position Nation Player % Correct
22 GK Brazil Everson
97%
7 FW Brazil Hulk
97%
6 DF Paraguay Júnior Alonso
94%
4 DF Brazil Lyanco
91%
- Coach Brazil Cuca
86%
10 MF Brazil Gustavo Scarpa
86%
13 DF Brazil Guilherme Arana
83%
21 MF Ecuador Alan Franco
80%
92 FW Brazil Dudu
80%
28 FW Argentina Tomás Cuello
80%
33 FW Brazil Rony
77%
37 FW Brazil Júnior Santos
74%
26 DF Argentina Renzo Saravia
71%
11 FW Brazil Bernard
66%
8 MF Argentina Fausto Vera
66%
17 MF Brazil Igor Gomes
66%
38 DF Brazil Caio Paulista
63%
2 DF Brazil Natanael
63%
25 MF Brazil Gabriel Menino
57%
14 DF Brazil Vitor Hugo
57%
23 DF Chile Iván Román
54%
16 DF Brazil Igor Rabello
51%
1 GK Brazil Gabriel Delfim
49%
44 DF Brazil Rubens
49%
30 FW Colombia Brahian Palacios
43%
20 MF Brazil Patrick
37%
19 FW Brazil João Marcelo
34%
47 DF Brazil Rômulo
26%
42 FW Brazil Cadu
20%
31 GK Brazil Robert
17%
32 GK Brazil Gabriel Átila
14%
No matching quizzes found
Score Distribution
Percent of People with Each Score
Percentile by Number Answered
Your Score History
You have not taken this quiz since the last reset